<?xml version="1.0" encoding="UTF-8"?>
<collection xmlns="http://www.loc.gov/MARC21/slim">
<record>
  <controlfield tag="001">121886</controlfield>
  <controlfield tag="005">20230210153100.0</controlfield>
  <datafield tag="024" ind1="8" ind2=" ">
    <subfield code="2">sideral</subfield>
    <subfield code="a">132307</subfield>
  </datafield>
  <datafield tag="037" ind1=" " ind2=" ">
    <subfield code="a">ART-2018-132307</subfield>
  </datafield>
  <datafield tag="041" ind1=" " ind2=" ">
    <subfield code="a">spa</subfield>
  </datafield>
  <datafield tag="100" ind1=" " ind2=" ">
    <subfield code="a">Martí Payá, Vanesa</subfield>
    <subfield code="u">Universidad de Zaragoza</subfield>
    <subfield code="0">(orcid)0000-0001-8739-6658</subfield>
  </datafield>
  <datafield tag="245" ind1=" " ind2=" ">
    <subfield code="a">Cuestiones procesales acerca de la disolución y de la liquidación de la comunidad de bienes gananciales en el proceso de ejecución</subfield>
  </datafield>
  <datafield tag="260" ind1=" " ind2=" ">
    <subfield code="c">2018</subfield>
  </datafield>
  <datafield tag="520" ind1="3" ind2=" ">
    <subfield code="a">En el presente trabajo se examinan los problemas que surgen en un proceso de ejecución civil cuando la parte ejecutada es uno solo de los cónyuges por una deuda privativa y, sin embargo, los bienes gananciales de la comunidad se convierten en el objeto del posible embargo. ¿Con qué mecanismos de tutela cuenta el cónyuge no deudor llegado este momento? ¿Cómo puede incidir en el iter procesal? ¿Quién decide sobre la disolución de la comunidad de bienes gananciales? Una vez acordada la disolución de la comunidad de gananciales ¿cuándo se ha de practicar la liquidación? ¿Podría solicitar el ejecutante la liquidación por subrogación? ¿Y de oficio? ¿Podrían verse mermados los derechos de la parte ejecutante? ¿Qué sucede cuando la disolución de la comunidad de gananciales se pretenda invocar con motivo de un embargo preventivo de bienes gananciales? A todas estas cuestiones se pretende dar respuesta y ofrecer propuestas cuando legislador ha guardado silencio</subfield>
  </datafield>
  <datafield tag="506" ind1="0" ind2=" ">
    <subfield code="a">Access copy available to the general public</subfield>
    <subfield code="f">Unrestricted</subfield>
  </datafield>
  <datafield tag="536" ind1=" " ind2=" ">
    <subfield code="9">info:eu-repo/grantAgreement/ES/MINECO/DER2016-79363-R</subfield>
  </datafield>
  <datafield tag="540" ind1=" " ind2=" ">
    <subfield code="9">info:eu-repo/semantics/openAccess</subfield>
    <subfield code="a">by</subfield>
    <subfield code="u">http://creativecommons.org/licenses/by/3.0/es/</subfield>
  </datafield>
  <datafield tag="655" ind1=" " ind2="4">
    <subfield code="a">info:eu-repo/semantics/article</subfield>
    <subfield code="v">info:eu-repo/semantics/publishedVersion</subfield>
  </datafield>
  <datafield tag="710" ind1="2" ind2=" ">
    <subfield code="1">4004</subfield>
    <subfield code="2">175</subfield>
    <subfield code="a">Universidad de Zaragoza</subfield>
    <subfield code="b">Dpto. Derecho Privado</subfield>
    <subfield code="c">Área Derecho Procesal</subfield>
  </datafield>
  <datafield tag="773" ind1=" " ind2=" ">
    <subfield code="g">8 bis, 2 (2018), 330-345</subfield>
    <subfield code="p">Actual. juríd. iberoam.</subfield>
    <subfield code="t">Actualidad Jurídica Iberoamericana</subfield>
    <subfield code="x">2386-4567</subfield>
  </datafield>
  <datafield tag="856" ind1="4" ind2=" ">
    <subfield code="s">257185</subfield>
    <subfield code="u">http://zaguan.unizar.es/record/121886/files/texto_completo.pdf</subfield>
    <subfield code="y">Versión publicada</subfield>
  </datafield>
  <datafield tag="856" ind1="4" ind2=" ">
    <subfield code="s">1906861</subfield>
    <subfield code="u">http://zaguan.unizar.es/record/121886/files/texto_completo.jpg?subformat=icon</subfield>
    <subfield code="x">icon</subfield>
    <subfield code="y">Versión publicada</subfield>
  </datafield>
  <datafield tag="909" ind1="C" ind2="O">
    <subfield code="o">oai:zaguan.unizar.es:121886</subfield>
    <subfield code="p">articulos</subfield>
    <subfield code="p">driver</subfield>
  </datafield>
  <datafield tag="951" ind1=" " ind2=" ">
    <subfield code="a">2023-02-10-09:05:06</subfield>
  </datafield>
  <datafield tag="980" ind1=" " ind2=" ">
    <subfield code="a">ARTICLE</subfield>
  </datafield>
</record>
</collection>